00648cam a2200193 a 450000100100000000500170001000800410002704000250006808200130009310000310010624500570013726000330019430000210022749000280024883000350027604900090031195201170032099900170043700002217020200930011619.0100917s1972 ck 000 0 spa d aDO-SdBNPbspacBNPHU ann*bnn*1 aObando, Jose Maria.94587110aApuntamientos para la historia /cJose Maria Obando. aMedellín :bBedout,c1972. a481 p. ;c18 cm.1 aBolsilibros Deboutv120 0aBolsilibros Deboutv120945872 aBNGR 001054708MOaGRbGRcCTd2010-09-17iLF1l0onn* nn*p22170-10r2020-06-25w2020-06-25y4ZPréstamo en sala c21668d21668